Vytvorenie vzoriek rukou písaných čísiel z historických dokumentov pre potreby HTR metód

Saved in:
Bibliographic Details
Main Author: Bagar, Patrik (Author)
Other Authors: Antal, Eugen (Thesis advisor)
Format: Manuscript Book
Language:Slovak
Published: Bratislava : STU v Bratislave FEI, 2023
Subjects:
Online Access:https://opac.crzp.sk/?fn=detailBiblioFormChildC16IR&sid=2D2C61E4341E53665965103BFA9A&seo=CRZP-detail-kniha
Tags: Add Tag
No Tags, Be the first to tag this record!

MARC

LEADER 00000ntm a22000003a 4500
001 stuzp87030
003 SK-STU
005 20241209125921.0
007 ta
008 150427s2015----xo-----f-mn---000-0-slo-d
040 |a STU  |b slo 
041 0 |a slo 
044 |a xo 
100 1 |a Bagar, Patrik  |u 035000  |4 aut  |U FEI Fakulta elektrotechniky a informatiky  |T FEI Ústav informatiky a matematiky  |X 79468  |U E050  |Y 816  |7 79468 
242 0 1 |a Creating dataset of handwritten numbers from historical documents for the needs of HTR methods  |y eng 
245 1 0 |a Vytvorenie vzoriek rukou písaných čísiel z historických dokumentov pre potreby HTR metód 
260 |a Bratislava :  |b STU v Bratislave FEI,  |c 2023 
300 |a 65 s. 
650 4 |a HTR  |2 slo 
650 4 |a historické číslice  |2 slo 
650 4 |a YOLOv5  |2 slo 
650 4 |a Mask R-CNN  |2 slo 
650 4 |a HTR  |2 eng 
650 4 |a historic digits  |2 eng 
650 4 |a YOLOv5  |2 eng 
650 4 |a Mask R-CNN  |2 eng 
700 1 |a Antal, Eugen  |u 035000  |k Z1  |4 ths  |U FEI Fakulta elektrotechniky a informatiky  |T FEI Ústav informatiky a matematiky  |X 36087  |U E050  |Y 816  |7 A000036087 
856 4 |u https://opac.crzp.sk/?fn=detailBiblioFormChildC16IR&sid=2D2C61E4341E53665965103BFA9A&seo=CRZP-detail-kniha